000 00407nam a2200169Ia 4500
001 30627
003 IN-NITTTR
005 20251114233413.0
008 251113s9999||||xx |||||||||||||| ||eng||
040 _beng
040 _cIN-NITTTR
041 _aeng
082 _a006.3 S64M
100 _aSingla, Shanu
245 0 _aModified social emotional optimization algorithm /
_cSingla, Shanu
942 _2ddc
_cBK
999 _c33257
_d33257